Avance y fracaso en el agro colombiano, siglos XX y XXI

Detalles Bibliográficos
Autor principal: Berry, Albert
Formato: eBook
Lenguaje:español
Publicado: Bogot:̀ Editorial Universidad de Rosario (Colombia), 2017
Materias:
Acceso en línea:Acceso restringido

MARC

LEADER 00000nam a22000007a 4500
005 2018033100450.0
007 cr|||| ||||
008 180331s2017 co |||||s|||| 00||0 spa d
020 |a 978-958-738-835-0 
035 |a 21133 
040 |a vLex 
090 |c 7612  |d 7612 
100 1 |a Berry, Albert 
245 1 0 |a Avance y fracaso en el agro colombiano, siglos XX y XXI  |h [Recurso electrn̤ico] /  |c Albert Berry 
256 |a Servicio en ln̕ea 
260 |a Bogot:̀  |b Editorial Universidad de Rosario (Colombia),  |c 2017 
300 |a 1 recurso electrn̤ico 
506 1 |a Disponible solo en los productos indicados  |d vLex Global  |d vLex Global (Academic Edition, excluding Law Schools)  |d vLex Global (U.S. Academic Edition, Law Schools)  |d vLex Global (U.S. Academic Edition, excluding Law Schools)  |d vLex Global (Academic Edition, Law Schools) 
650 0 4 |a Derecho Pb︢lico y Administrativo  |z Colombia 
740 0 |a vLex Libros (Servicio en ln̕ea) 
856 4 0 |u http://vlex.com/source/avance-fracaso-agro-colombiano-siglos-xx-xxi-21133  |z Acceso restringido 
942 |c BOOK 
999 0 |a Public and Administrative Law